| 000 | 00574nam a22001937a 4500 | ||
|---|---|---|---|
| 999 |
_c22670 _d22670 |
||
| 003 | AR-CdUCM | ||
| 008 | 190313b ||||| |||| 00| 0 spa d | ||
| 020 | _a9786124639609 | ||
| 040 |
_aMUNICIPALIDAD PROVINCIAL DEL CUSCO _cBIBLIOTECA MUNICIPAL DEL CUSCO |
||
| 082 |
_a869.56/R7448T _2cuarta |
||
| 100 |
_aRodríguez, Julián _948835 |
||
| 245 |
_aEl temerario / _cJulián Rodríguez |
||
| 260 |
_aLima : _bQilqana, _c2013. |
||
| 300 |
_a100 páginas ; _c21 cm. |
||
| 650 |
_aCuentos peruanos _948836 |
||
| 650 |
_aSiglo XX _948837 |
||
| 942 |
_2ddc _cLIBROS |
||
| 945 | _arac | ||